000 00601nam a2200157Ia 4500
008 210719s2005 xx 000 0 und d
041 _aeng
082 _a658.8 PAIS
100 _aPAI (Priya Chandrakant)
245 _aStudy on consumer behaviour towards mobile phone users with special reference to nokia
260 _aMangalore
_bDepartment of Business Management St Aloysius College
_c2005
300 _a86
_bHB
650 _aProject Reports
650 _aProject Reports
906 _abehaviour ; consumer ; mobile ; nokia ; on ; phone ; reference ; special ; Study ; to ; towards ; users ; with
999 _c215080
_d215080